Morfofisiología de la biología reproductiva de las especies del género Sympterygia que habitan el estuario de Bahía Blanca /

Guardado en:
Otros Autores: Díaz Andrade, María Constanza. (Disertante), Lopez Cazorla, Andrea. (Orientador), Galíndez, Elena Juana. (Orientador)
Formato: Manuscrito
Idioma:Spanish
Publicado: 2010.
Materias:
Etiquetas: Agregar Etiqueta
Sin Etiquetas, Sea el primero en etiquetar este registro!
LEADER 01439ntm a22003135a 4500
001 EUN.eunm003727
005 20150901131158.0
008 110916s2010####ag#######bm###000#0#spa#d
082 0 4 |a 040  |2 15 
082 0 4 |a 597.3  |2 15 
100 1 |a Díaz Andrade, María Constanza.  |4 dis 
245 1 0 |a Morfofisiología de la biología reproductiva de las especies del género Sympterygia que habitan el estuario de Bahía Blanca /  |c María Constanza Díaz Andrade ; director de tesis: Andrea C. López Cazorla ; director asistente de tesis: Elena J. Galíndez. 
260 |c 2010. 
300 |a xvi, 243 p. :  |b il. col. ;  |c 30 cm. 
500 |a "Tesis Doctor en Biología". 
502 |a Tesis (doctoral)--Universidad Nacional del Sur. Departamento de Biología, Bioquímica y Farmacia, 2011. 
504 |a Incluye referencias bibliográficas. 
530 |a Disponible también el resumen, abstract y bibliografía en formato digital. 
650 7 |a Zoología.  |2 unbist 
650 7 |a Peces.  |2 unbist 
650 7 |a Chondrichthyes.  |2 Icyt 
650 7 |a Aparato reproductor.  |2 Icyt 
650 7 |a Reproducción animal.  |2 Icyt 
650 7 |a Estuarios  |2 unbist 
651 0 |a Bahía Blanca (Argentina) 
700 1 |a Lopez Cazorla, Andrea.  |4 ths 
700 1 |a Galíndez, Elena Juana.  |4 ths 
710 2 |a Universidad Nacional del Sur.  |b Departamento de Biología, Bioquímica y Farmacia  |4 dgg. 
859 |a AR-BaUNS  |b BIB. CENTRAL - Tesis  |h 040  |i B148 2011-1103  |k R  |p 122486/011